000 02292nam a22005417a 4500
001 000024375
003 CHAP
005 20220329134631.0
008 971013s r 00010 d
010 _a23329
011 _a24301
035 _a28400
040 _cCHAP
090 _aFolleto 1537
110 2 _aComisión Federal de Electricidad. México
_925716
245 1 0 _aInforme anual, 19-.
260 _a(s.l.) :
_bLa comisión,
_c(s.a.).
300 _av.
500 _aLa biblioteca tiene 1960-61, 1967-68, 1968-69, 1969-70, 1970-71, 1981, 1983, 1988, 1989, 1990, 1992
500 _aTítulo varía; Informe de operación
590 _aBATCH-UPD
_b10
_c20130110
_lUCH01
_h2158
590 _aBATCH-UPD
_b10
_c20130410
_lUCH01
_h1506
590 _aBATCH-UPD
_b10
_c20130914
_lUCH01
_h1255
590 _aCONVERSION
_b10
_c20130109
_lUCH01
_h1314
590 _aE5995AHE
_b05
_c20141121
_lUCH01
_h0900
650 1 4 _aElectrificación
_xMéxico.
_936230
901 _aBK
942 _cFOLL
942 _n0
949 _aFolleto 1537
_bBC
_cFOLL
_d-142578
_eTS1
_f1967-68
_i28400
_si
949 _aFolleto 1537
_bBC
_cFOLL
_d-142580
_eTS1
_f1968-69
_i28400
_si
949 _aFolleto 1537
_bBC
_cFOLL
_d-142582
_eTS1
_f1969-70
_i28400
_si
949 _aFolleto 1537
_bBC
_cFOLL
_d-142583
_eTS1
_f1970-71
_i28400
_si
949 _aFolleto 1537
_bBC
_cFOLL
_d-142584
_eTS1
_f1981
_i28400
_si
949 _aFolleto 1537
_bBC
_cFOLL
_d-142585
_eTS1
_f1983
_i28400
_si
949 _aFolleto 1537
_bBC
_cFOLL
_d-142586
_eTS2
_f1983 c.2
_i28400
_si
949 _aFolleto 1537
_bBC
_cFOLL
_d-142587
_eTS2
_f1983 c.3
_i28400
_si
949 _aFolleto 1537
_bBC
_cFOLL
_d-142588
_eTS2
_f1968-69 c.2
_i28400
_si
949 _aFolleto 1537
_bBC
_cFOLL
_d-142589
_eTS1
_f1988
_i28400
_si
949 _aFolleto 1537
_bBC
_cFOLL
_d-142590
_eTS1
_f1989
_i28400
_si
949 _aFolleto 1537
_bBC
_cFOLL
_d-142591
_eTS2
_f1989 c.2
_i28400
_si
949 _aFolleto 1537
_bBC
_cFOLL
_d-142592
_eTS1
_f1990
_i28400
_si
949 _aFolleto 1537
_bBC
_cFOLL
_d-142593
_eTS2
_f1990 c.2
_i28400
_si
949 _aFolleto 1537
_bBC
_cFOLL
_d-142594
_eTS2
_f1990 c.3
_i28400
_si
949 _aFolleto 1537
_bBC
_cFOLL
_d-142595
_eTS1
_f1992
_i28400
_si
949 _aFolleto 1537
_bBC
_cFOLL
_d-142596
_eTS2
_f1992 c.2
_i28400
_si
949 _aFolleto 1537
_bBC
_cFOLL
_d-65554
_eTS1
_f1960-61
_i28400
_si
999 _c23329
_d23329